000 00999cam a22002413a 4500
001 1486
003 PGUSA
005 20140828083001.0
008 981001s1998||||xxu|||||s|||||000 e eng d
040 _aPGUSA
_beng
042 _adc
050 4 _aAC
100 1 _aFiske, John,
_d1842-1901
245 1 4 _aThe Unseen World, and Other Essays
_h[electronic resource] /
_cJohn Fiske
260 _bProject Gutenberg,
_c1998
505 0 _aThe unseen world -- "The to-morrow of death" -- The Jesus of history -- The Christ of dogma -- A word about miracles -- Draper on science and religion -- Nathan the Wise -- Historical difficulties -- The famine of 1770 in Bengal -- Spain and the Netherlands -- Longfellow's Dante -- Paine's "St. Peter" -- A philosophy of art -- Athenian and American life.
506 _aPublic domain in the USA.
516 _aElectronic text
653 _aAmerican essays
830 0 _aProject Gutenberg
_v1486
856 4 0 _uhttp://www.gutenberg.org/ebooks/1486
942 _cEB
999 _c230834
_d230834